Engineering Software Products: An Introduction to Modern Software Engineering/ (Record no. 175490)

MARC details
000 -LEADER
fixed length control field 00709nam a22002057a 4500
005 - DATE AND TIME OF LATEST TRANSACTION
control field 20200907143539.0
010 ## - LCCN (DPL NO)
LC control number ENG-128383
020 ## - INTERNATIONAL STANDARD BOOK NUMBER
Terms of availability 579.00
International Standard Book Number 9789353949471
035 ## - SYSTEM CONTROL NUMBER
System control number EN-111915
037 ## - SOURCE OF ACQUISITION
Source of stock number/acquisition DBAD/PUB
082 ## - DEWEY DECIMAL CLASSIFICATION NUMBER
Classification number 005.1
100 ## - MAIN ENTRY--PERSONAL NAME
Personal name Sommerville,Ian
245 ## - TITLE STATEMENT
Title Engineering Software Products: An Introduction to Modern Software Engineering/
Statement of responsibility, etc by Ian Sommerville
250 ## - EDITION STATEMENT
Edition statement 1st edition
260 ## - PUBLICATION, DISTRIBUTION, ETC. (IMPRINT)
Place of publication, distribution, etc Noida
Name of publisher, distributor, etc Pearson
Date of publication, distribution, etc 2020
270 ## - ADDRESS
Address 15th floor,Tower-B,Word Trade Tower,Plot no.1,Block-C sec 16,
City Noida
Postal code 201301
Telephone number 04466540100
Electronic mail address companysecretary.india@pearson.com
300 ## - PHYSICAL DESCRIPTION
Extent x;342p.
Dimensions 23.5cm(pbk)
500 ## - GENERAL NOTE
General note Software Emgineering
942 ## - ADDED ENTRY ELEMENTS (KOHA)
Source of classification or shelving scheme Dewey Decimal Classification
Item type English Books
Classification part 005.1
Call number suffix GAN
Holdings
Withdrawn status Lost status Not for loan Collection code Home library Current library Date acquired Cost, normal purchase price Full call number Barcode Cost, replacement price Koha item type
      Non-fiction Andrews Gunj Andrews Gunj 07/09/2020 579.00 005.1 GAN EN-111915 579.00 English Books

© Delhi Public Library
Hit Counter
free hit counter